| 000 | 00638nam a2200205 i 4500 | ||
|---|---|---|---|
| 001 | 104968 | ||
| 003 | ES-MaACL | ||
| 005 | 20230906183734.0 | ||
| 007 | t| | ||
| 008 | 060601s1959 fr ||||1| fre d | ||
| 080 | _a929 Zamenhof, Ludwik | ||
| 080 | _a811.922(091) | ||
| 100 | 1 |
_aZiolkowska, Maria. _9118297 |
|
| 245 | 1 | 3 |
_aLe docteur Esperanto (1859-1917) / _cMaria Ziolkowska. |
| 260 |
_aMarmande : _bEditions Françaises d'Esperanto, _c[1959] |
||
| 300 |
_a164 p. ; _c19 cm. |
||
| 600 | 1 | 4 |
_aZamenhof, L. L. _9117921 |
| 650 | 4 |
_aEsperanto- _xHistoria. _912496 |
|
| 852 | 4 |
_aES-MaACL _jE-11301 _zBiblioteca Jacinto MartÃnez Lacalle |
|
| 999 |
_c104968 _d104968 |
||